Countries with Laotian embassies - Statistics

General Stats
  • This quiz has been taken 49 times
  • The average score is 22 of 25
Answer Stats
Continent Country % Correct
Asia Indonesia
100%
Oceania Australia
97%
Europe France
97%
Asia India
97%
Asia Thailand
97%
Europe United Kingdom
97%
Asia Cambodia
95%
Asia China
95%
Europe Germany
95%
Asia Japan
95%
Asia/ Europe Russia
95%
North America United States of America
95%
Asia Vietnam
95%
Asia Malaysia
92%
Asia South Korea
92%
Europe Belgium
87%
North America Cuba
82%
Asia Myanmar
77%
Asia Singapore
77%
Asia North Korea
74%
Europe Austria
72%
Asia Brunei
72%
Asia the Philippines
72%
Asia Mongolia
67%
Europe Sweden
59%
No matching quizzes found
Score Distribution
Percent of People with Each Score
Percentile by Number Answered
Your Score History
You have not taken this quiz